00393nam a2200133Ia 450000500170000000800410001702000150005808200130007310000150008624500590010126000090016030000130016950000770018220250620015904.0240331s9999 xx 000 0 und d a9555532605 bGAMa323 aGamage,S.I 0alokaye pedara aandukrama saha lankawe pedaral neethiya c2003 a179 p ., aThe federal systems in the world and the fear of federalism in Sri Lanka